| 000 | 00671nam a2200229Ia 4500 | ||
|---|---|---|---|
| 999 |
_c41227 _d41227 |
||
| 001 | 7879 | ||
| 003 | GE_BSU | ||
| 005 | 20220928103524.0 | ||
| 008 | 181216s2012ge xx |||||||||||||| ||ger|| | ||
| 020 | _a9783792001103 | ||
| 040 | _cGE_BSU | ||
| 041 | _ager | ||
| 080 | _a82-93:821.112 S-16 | ||
| 100 |
_aSaint-Exupéry Antoinede,de _914876 |
||
| 245 |
_aDer Kleine Prinz : _bMit zeichnungen des verfassers / _c Antoinede,de Saint-Exupéry |
||
| 264 |
_aGerman : _bKarl-Rauch, _c2012. |
||
| 300 |
_a95 p:. _bIll; _c17cm. |
||
| 653 | _aDer Kleine Prinz | ||
| 653 | _aMit zeichnungen des verfassers | ||
| 653 | _aᲞატარა პრინცი | ||
| 942 |
_cBK _2udc |
||